| 000 | 00733nam a2200241Ia 4500 | ||
|---|---|---|---|
| 001 | 9687 | ||
| 003 | GE_BSU | ||
| 008 | 181216s||||||||xx |||||||||||||| ||und|| | ||
| 040 | _cGE_BSU | ||
| 080 | _a821.353.1–1 | ||
| 100 | _aგიორგაძე,ქეთინო | ||
| 245 | _aსისხლიან ზოლთან | ||
| 245 | _bლექსები | ||
| 245 | _cრედ.ვ.ღლონტი.მხატვ.ჯემალ მიქელაძე | ||
| 260 | _aბათუმი | ||
| 260 | _bალიონი | ||
| 260 | _c2005 | ||
| 300 | _a112გვ.19სმ. | ||
| 541 | _h3ლ.60თ. | ||
| 653 | _aლექსები | ||
| 653 | _aსისხლიან ზოლთან | ||
| 942 | _cBK | ||
| 999 |
_c42970 _d42970 |
||